Państwa Afryki pod względem ludności - Statystyki

Ogólne statystyki
  • Ten quiz został rozwiązany 150 razy
  • Średni wynik to 17 z 20
Statystyki odpowiedzi
Populacja Kraj % Poprawnych
26,5 mln Niger
97%
218 mln Nigeria
97%
106 mln Egipt
96%
60,7 mln Republika Południowej Afryki
96%
96,2 mln Demokratyczna Republika Konga
94%
45,3 mln Algieria
91%
46,3 mln Sudan
91%
121 mln Etiopia
90%
37,7 mln Maroko
89%
56,5 mln Kenia
87%
63,9 mln Tanzania
86%
35,4 mln Angola
83%
33,4 mln Mozambik
80%
32,5 mln Ghana
76%
48,6 mln Uganda
76%
28 mln Kamerun
74%
29,4 mln Madagaskar
74%
21,7 mln Mali
72%
27,9 mln Wybrzeże Kości Słoniowej
68%
22,3 mln Burkina Faso
50%
Nie znaleziono quizów pasujących do podanych kryteriów
Rozkład punktacji
Procent ludzi z każdym wynikiem
Percentyl według liczby udzielonych odpowiedzi
Twoja historia wyników
Nie rozwiązałeś tego quizu